|
|
|
|
| LEADER |
00000nab a2200000 a 4500 |
| 001 |
vtls000295141 |
| 003 |
SK-MaSNL |
| 005 |
20260304064653.0 |
| 008 |
250422c1987 xo 0 slo |
| 015 |
|
|
|a SNBRB19rr/mm-uuuuu
|
| 035 |
|
|
|a CL0305260
|
| 035 |
|
|
|a urn:nbn:sk:snk-ab7f0r
|
| 035 |
|
|
|a (urnnbn)urn:nbn:sk:snk:ar-005chd
|
| 035 |
|
|
|a (uuid)896f9ba1-7a34-40e3-a99a-724b061533f3
|
| 040 |
|
|
|a SNKBUCL
|b slo
|c SNKBUCL
|e AACR2
|
| 041 |
0 |
|
|a slo
|
| 044 |
|
|
|a xo
|c SK
|
| 080 |
|
|
|a 616.833-089.85
|2 1981
|
| 080 |
|
|
|a 615.8
|2 1981
|
| 100 |
1 |
|
|a Gúth, Anton,
|d 1951-2023
|4 aut
|9 89987
|
| 245 |
1 |
0 |
|a Neurotmesis nervi femoralis
|c A. Gúth, Z. Brndiarová, M. Palát
|
| 300 |
|
|
|b Obr. 1. Res. rus., angl., nem., franc.
|
| 650 |
0 |
7 |
|a nervus femoralis
|2 snkbucl
|9 1352774
|
| 650 |
0 |
7 |
|a neurotméza
|2 snkbucl
|9 1352775
|
| 655 |
|
7 |
|a články z novín a časopisov
|2 snkbucl
|9 267496
|
| 700 |
1 |
|
|a Brndiarová, Zuzana
|4 aut
|9 43064
|
| 700 |
1 |
|
|a Palát, Miroslav,
|d 1927-2014
|4 aut
|9 203087
|
| 773 |
0 |
|
|t Rehabilitácia
|g Roč. 20, č. 3 (1987), s. 163-166
|
| 850 |
|
|
|a Slovenská národná knižnica
|
| 852 |
|
|
|a Slovenská národná knižnica
|
| 954 |
|
|
|a odborná, vedecká literatúra pôvodná (slovenská)
|2 lita
|
| 958 |
|
|
|a article7
|
| 958 |
|
|
|a RK
|
| 958 |
|
|
|a MI
|
| 958 |
|
|
|a OND
|
| 958 |
|
|
|a EUIPO
|
| 992 |
|
|
|a RBX
|
| 999 |
|
|
|c 2747428
|d 2749358
|